Logo BPK

Biblioteka

Politechniki Koszalińskiej

Zastosowanie adaptacyjnej metody elementów skończonych do obliczeń wielkiej skali. (Rekord nr 46343)

Szczegóły MARC
000 -ETYKIETA REKORDU
podpole kontrolne o stałej długości 00895nam a2200229 i 4500
001 - NUMER KONTROLNY REKORDU
pole kontrolne bg
015 ## - NUMER BIBLIOGRAFII NARODOWEJ
Numer bibliografii narodowej PB 12736/2005
040 ## - ŹRÓDŁO KATALOGOWANIA
Instytucja, która utworzyła rekord BPK
041 0# - KOD JĘZYKA
Kod języka tekstu pol
Kod języka streszczenia lub abstraktu engger
080 ## - UNIWERSALNA KLASYFIKACJA DZIESIĘTNA - UKD
UKD 519.61/.64
008 - POLE O STAŁEJ DŁUGOŚCI - DANE KONTROLNE
podpole kontrolne o stałej długości s pl f |000 0 pol
100 1# - NAZWA OSOBOWA
Nazwa osobowa BANAŚ, Krzysztof
245 10 - TYTUŁ/ODPOWIEDZIALNOŚĆ
Tytuł Zastosowanie adaptacyjnej metody elementów skończonych do obliczeń wielkiej skali.
260 ## - STREFA ADRESU WYDAWNICZEGO
Miejsce wydania Kraków :
Nazwa wydawcy/dystrybutora Wydaw. Politechniki Krakowskiej,
Data publikacji, dystrybucji/powstania dokumentu 2004.
300 ## - STREFA OPISU FIZYCZNEGO
Objętość 236 s. :
Inne cechy fizyczne rys., wykr. ;
Rozmiary 24 cm.
490 1# - STREFA SERII I DOKUMENTU WIELOCZĘŚCIOWEGO - FORMA NIE DO WYSZUKIWANIA
Tytuł i oznaczenie odpowiedzialności serii Monografia / Politechnika Krakowska im. Tadeusza Kościuszki. Podstawowe Nauki Techniczne
500 ## - UWAGI OGÓLNE
Tekst uwagi ISSN i nr serii gł.: 0860-097X ; 314. - Streszcz. ang., niem.
504 ## - UWAGA DOTYCZĄCA BIBLIOGRAFII
Informacje o bibliografii Bibliogr. s. 211-228. Indeks.
650 #9 - HASŁO PRZEDMIOTOWE W FORMIE NAZWY OGÓLNEJ LUB JEDNOSTKOWEJ
Nazwa ogólna lub geograficzna Metoda elementów skończonych
Określnik ogólny stosowanie
830 #0 - HASŁO DODATKOWE SERII LUB DOKUMENTU WIELOCZĘŚCIOWEGO - TYTUŁ UJEDNOLICONY
Tytuł ujednolicony Monografia (Politechnika Krakowska im. Tadeusza Kościuszki).
Nazwa części/sekcji dzieła Podstawowe Nauki Techniczne
856 ## - LOKALIZACJA I DOSTĘP DO ELEKTRONICZNYCH DOKUMENTÓW ZDALNYCH
Link (URL) http://koha.tu.koszalin.pl/cgi-bin/koha/opac-detail.pl?biblionumber=46343
Tekst linku Katalog online BPK
942 ## - DODATKOWE ELEMENTY (KOHA)
Typ dokumentu Książka
Egzemplarze
Wycofany Status egzemplarza Uszkodzony Dostępność Lokalizacja stała Lokalizacja bieżąca Miejsce przechowywania Sygnatura Kod kreskowy Typ dokumentu
      Dostępny Biblioteka Politechniki Koszalińskiej Biblioteka Politechniki Koszalińskiej Wypożyczalnia BG 76229 02276809 Książka
© 2023 Biblioteka Politechniki Koszalińskiej :: KOHA